[Event "VENDRELL"]
[Site "?"]
[Date "2021.05.09"]
[Round "7.1"]
[White "Tallada Serret, Gerard"]
[Black "Munoz, Miguel"]
[Result "0-1"]
[BlackElo "2542"]
[WhiteElo "1643"]
[LiveChessVersion "1.4.8"]

1. e4 d5 2. exd5 {[%clk 0:14:55]} Qxd5 {[%clk 0:14:55]} 3. Nc3 {[%clk 0:14:58]}
Qa5 {[%clk 0:14:57]} 4. d4 {[%clk 0:15:01]} Nf6 {[%clk 0:15:01]} 5. Nf3
{[%clk 0:15:04]} Bg4 {[%clk 0:15:04]} 6. Bd2 {[%clk 0:15:07]} Nc6 7. Bb5
{[%clk 0:14:52]} O-O-O {[%clk 0:15:09]} 8. Bxc6 {[%clk 0:14:54]} bxc6
{[%clk 0:15:12]} 9. Qe2 {[%clk 0:14:44]} Rxd4 {[%clk 0:14:59]} 10. O-O-O
{[%clk 0:14:43]} e6 11. h3 Bxf3 {[%clk 0:14:31]} 12. Qxf3 {[%clk 0:14:46]} Qa6
{[%clk 0:14:08]} 13. Be3 Rxd1+ {[%clk 0:13:51]} 14. Rxd1 {[%clk 0:14:34]} Bb4
{[%clk 0:13:53]} 15. Bd4 {[%clk 0:14:20]} Bxc3 {[%clk 0:13:51]} 16. Qxc3 Nd5 17.
Qb3 {[%clk 0:14:22]} f6 {[%clk 0:13:27]} 18. c4 Nf4 {[%clk 0:12:57]} 19. g3
{[%clk 0:14:25]} Ne2+ {[%clk 0:12:50]} 20. Kb1 {[%clk 0:14:29]} Rd8 21. Be3
{[%clk 0:13:44]} Rxd1+ {[%clk 0:12:15]} 22. Qxd1 {[%clk 0:13:47]} Qxc4
{[%clk 0:11:03]} 23. h4 {[%clk 0:12:46]} Nxg3 {[%clk 0:10:54]} 24. b3
{[%clk 0:12:45]} Qe4+ {[%clk 0:09:49]} 25. Kb2 {[%clk 0:11:47]} a6 26. Qe1 Nf5
{[%clk 0:09:46]} 27. Qe2 {[%clk 0:11:48]} Kb7 {[%clk 0:09:43]} 28. Qd2 Nxe3
{[%clk 0:09:25]} 29. fxe3 {[%clk 0:11:54]} Qxh4 {[%clk 0:09:27]} 30. Qc3
{[%clk 0:11:50]} Qe4 31. Ka3 h5 {[%clk 0:09:28]} 32. Qc5 {[%clk 0:11:46]} h4
{[%clk 0:09:20]} 33. Qh5 {[%clk 0:11:46]} g5 {[%clk 0:09:21]} 34. Qe2 g4
{[%clk 0:09:15]} 35. Qf2 {[%clk 0:11:23]} g3 {[%clk 0:09:16]} 36. Qg1
{[%clk 0:11:27]} f5 {[%clk 0:09:18]} 0-1

[Event "VENDRELL"]
[Site "?"]
[Date "2021.05.09"]
[Round "7.2"]
[White "Rojas Keim, Luis"]
[Black "Hernandez, Cristian Andres"]
[Result "1-0"]
[BlackElo "2353"]
[WhiteElo "2349"]
[LiveChessVersion "1.4.8"]

1. e4 {[%clk 0:15:09]} c5 {[%clk 0:15:09]} 2. Nf3 {[%clk 0:15:12]} Nc6
{[%clk 0:15:10]} 3. Bb5 {[%clk 0:15:16]} g6 {[%clk 0:15:13]} 4. Bxc6
{[%clk 0:15:18]} dxc6 {[%clk 0:15:16]} 5. d3 {[%clk 0:15:21]} Bg7
{[%clk 0:15:18]} 6. Nc3 {[%clk 0:15:21]} Nf6 7. Be3 b6 {[%clk 0:14:47]} 8. h3
{[%clk 0:15:24]} Nd7 {[%clk 0:14:48]} 9. Qd2 h6 {[%clk 0:14:54]} 10. O-O
{[%clk 0:15:19]} e5 11. Nh2 Nf8 {[%clk 0:14:40]} 12. f4 {[%clk 0:15:22]} exf4
{[%clk 0:14:43]} 13. Bxf4 {[%clk 0:15:25]} Ne6 {[%clk 0:14:46]} 14. Bg3
{[%clk 0:15:12]} Qg5 {[%clk 0:13:59]} 15. Qe1 {[%clk 0:13:46]} Nd4
{[%clk 0:13:31]} 16. Nf3 {[%clk 0:12:34]} Qe7 {[%clk 0:11:22]} 17. Qf2
{[%clk 0:11:11]} O-O {[%clk 0:10:07]} 18. Rae1 {[%clk 0:11:11]} Nxf3+
{[%clk 0:10:06]} 19. Qxf3 {[%clk 0:09:07]} c4 {[%clk 0:09:53]} 20. dxc4 Qc5+ 21.
Kh1 {[%clk 0:09:08]} Qxc4 {[%clk 0:09:56]} 22. Bd6 {[%clk 0:07:22]} Re8 23. b3
{[%clk 0:07:25]} Qe6 {[%clk 0:09:07]} 24. e5 {[%clk 0:06:33]} Ba6
{[%clk 0:06:45]} 25. Rf2 {[%clk 0:06:09]} Rad8 {[%clk 0:05:27]} 26. Ne4
{[%clk 0:05:50]} c5 {[%clk 0:04:05]} 27. Qg3 {[%clk 0:04:26]} Kh8
{[%clk 0:02:09]} 28. Qh4 f5 {[%clk 0:02:13]} 29. exf6 {[%clk 0:04:07]} Rxd6
{[%clk 0:02:17]} 30. fxg7+ {[%clk 0:04:00]} Kxg7 31. Rf6 Qxf6 {[%clk 0:01:22]}
32. Nxf6 {[%clk 0:03:04]} Rxe1+ {[%clk 0:01:27]} 33. Qxe1 {[%clk 0:03:08]} Rxf6
{[%clk 0:00:52]} 34. Qe5 {[%clk 0:02:39]} g5 {[%clk 0:00:44]} 35. Kg1
{[%clk 0:02:34]} Bb7 {[%clk 0:00:38]} 36. Qb8 {[%clk 0:01:54]} Rf7
{[%clk 0:00:32]} 37. c3 {[%clk 0:01:56]} Bc6 {[%clk 0:00:07]} 38. Qe5+
{[%clk 0:01:58]} Kg8 39. Qe6 Bd7 {[%clk 0:00:10]} 40. Qxh6 {[%clk 0:02:01]} g4
{[%clk 0:00:16]} 41. hxg4 {[%clk 0:01:56]} Bxg4 42. Qg5+ {[%clk 0:01:40]} Rg7
{[%clk 0:00:20]} 43. Qd8+ {[%clk 0:01:28]} Kh7 {[%clk 0:00:15]} 44. g3 Bh5
{[%clk 0:00:18]} 45. Qh4 {[%clk 0:01:26]} Kg6 {[%clk 0:00:21]} 46. Kf2
{[%clk 0:01:10]} Rf7+ {[%clk 0:00:12]} 47. Ke3 {[%clk 0:00:58]} Bf3
{[%clk 0:00:09]} 48. Qd8 {[%clk 0:00:55]} Bg4 49. b4 {[%clk 0:00:59]} cxb4
{[%clk 0:00:09]} 50. cxb4 {[%clk 0:00:58]} Rf3+ {[%clk 0:00:08]} 51. Ke4
{[%clk 0:00:54]} Rf7 {[%clk 0:00:12]} 52. Ke5 {[%clk 0:00:56]} Rf5+ 53. Kd6
{[%clk 0:00:57]} Bf3 {[%clk 0:00:14]} 1-0

[Event "VENDRELL"]
[Site "?"]
[Date "2021.05.09"]
[Round "7.3"]
[White "Palomo Teruel, Xavier"]
[Black "Martorell Aubanell, Adria"]
[Result "1-0"]
[BlackElo "2119"]
[WhiteElo "2070"]
[LiveChessVersion "1.4.8"]

1. e4 {[%clk 0:15:05]} e6 {[%clk 0:14:43]} 2. d4 {[%clk 0:15:09]} d5
{[%clk 0:14:46]} 3. e5 {[%clk 0:15:13]} c5 {[%clk 0:14:49]} 4. c3
{[%clk 0:15:17]} Nc6 {[%clk 0:14:52]} 5. Nf3 {[%clk 0:15:21]} Qb6
{[%clk 0:14:55]} 6. Bd3 {[%clk 0:15:25]} Nh6 {[%clk 0:14:47]} 7. O-O
{[%clk 0:15:10]} cxd4 {[%clk 0:14:48]} 8. h3 {[%clk 0:14:49]} Nf5
{[%clk 0:14:20]} 9. g4 {[%clk 0:14:28]} Nfe7 {[%clk 0:14:21]} 10. Re1
{[%clk 0:13:59]} Bd7 {[%clk 0:14:17]} 11. Nbd2 {[%clk 0:13:25]} Ng6
{[%clk 0:14:06]} 12. Nb3 dxc3 {[%clk 0:12:31]} 13. bxc3 {[%clk 0:13:15]} Be7
{[%clk 0:11:20]} 14. Nbd4 {[%clk 0:11:46]} a6 15. Qe2 {[%clk 0:09:52]} Rc8
{[%clk 0:09:19]} 16. Rb1 {[%clk 0:09:26]} Qc7 {[%clk 0:09:13]} 17. Bd2
{[%clk 0:08:36]} Na5 {[%clk 0:05:36]} 18. g5 b5 19. h4 {[%clk 0:04:34]} Nc4
{[%clk 0:05:09]} 20. Bc1 {[%clk 0:04:31]} O-O {[%clk 0:03:57]} 21. h5
{[%clk 0:04:21]} Ngxe5 {[%clk 0:04:01]} 22. Nxe5 {[%clk 0:04:18]} Nxe5
{[%clk 0:04:04]} 23. Qxe5 {[%clk 0:04:14]} Qxe5 {[%clk 0:04:08]} 24. Rxe5
{[%clk 0:04:18]} Rxc3 {[%clk 0:04:11]} 25. Bf1 {[%clk 0:03:40]} f6
{[%clk 0:03:50]} 26. Re1 {[%clk 0:02:53]} e5 {[%clk 0:03:27]} 27. Bd2
{[%clk 0:02:34]} Ra3 {[%clk 0:03:16]} 28. gxf6 {[%clk 0:02:17]} Bxf6
{[%clk 0:03:09]} 29. Bb4 {[%clk 0:02:13]} Rxa2 {[%clk 0:02:44]} 30. Bxf8
{[%clk 0:02:12]} Kxf8 {[%clk 0:02:36]} 31. Nb3 {[%clk 0:02:02]} Ra4
{[%clk 0:02:02]} 32. Bg2 {[%clk 0:01:46]} Rg4 {[%clk 0:01:43]} 33. Rbc1
{[%clk 0:01:12]} Rg5 {[%clk 0:01:28]} 34. Kf1 {[%clk 0:00:54]} e4
{[%clk 0:01:20]} 35. Nc5 {[%clk 0:00:54]} Bg4 {[%clk 0:00:43]} 36. Nxa6
{[%clk 0:00:47]} Rxh5 {[%clk 0:00:25]} 37. Nc7 {[%clk 0:00:41]} b4
{[%clk 0:00:26]} 38. Rb1 {[%clk 0:00:18]} Bc3 {[%clk 0:00:29]} 39. Rec1
{[%clk 0:00:19]} Rf5 {[%clk 0:00:07]} 40. Nb5 {[%clk 0:00:14]} e3
{[%clk 0:00:11]} 41. Nxc3 {[%clk 0:00:15]} Rxf2+ {[%clk 0:00:15]} 42. Kg1
{[%clk 0:00:20]} bxc3 {[%clk 0:00:17]} 43. Rxc3 {[%clk 0:00:22]} d4
{[%clk 0:00:21]} 44. Rc4 {[%clk 0:00:23]} Rd2 {[%clk 0:00:20]} 45. Rc7
{[%clk 0:00:21]} Rd1+ {[%clk 0:00:14]} 46. Rxd1 {[%clk 0:00:25]} Bxd1
{[%clk 0:00:18]} 47. Rd7 {[%clk 0:00:25]} Bg4 {[%clk 0:00:06]} 48. Rxd4
{[%clk 0:00:28]} h5 {[%clk 0:00:10]} 49. Rf4+ {[%clk 0:00:28]} Ke7
{[%clk 0:00:14]} 50. Re4+ {[%clk 0:00:29]} Kf6 {[%clk 0:00:18]} 51. Rxe3
{[%clk 0:00:34]} 1-0

[Event "VENDRELL"]
[Site "?"]
[Date "2021.05.09"]
[Round "7.4"]
[White "Saumoy Poch, Salvador"]
[Black "Cabanillas Roca, Christian"]
[Result "1-0"]
[BlackElo "1772"]
[WhiteElo "2022"]
[LiveChessVersion "1.4.8"]

1. d4 {[%clk 0:15:07]} Nf6 {[%clk 0:15:05]} 2. c4 {[%clk 0:15:09]} e6
{[%clk 0:14:51]} 3. Nf3 Bb4+ {[%clk 0:14:52]} 4. Bd2 {[%clk 0:15:12]} Qe7
{[%clk 0:14:51]} 5. g3 {[%clk 0:15:12]} O-O {[%clk 0:14:51]} 6. Bg2
{[%clk 0:15:15]} Bxd2+ {[%clk 0:14:52]} 7. Nbxd2 {[%clk 0:15:10]} d6
{[%clk 0:14:32]} 8. O-O e5 9. dxe5 {[%clk 0:13:22]} dxe5 {[%clk 0:14:32]} 10. Ng5
{[%clk 0:12:59]} h6 {[%clk 0:13:17]} 11. Nge4 {[%clk 0:10:43]} Nc6
{[%clk 0:09:15]} 12. e3 {[%clk 0:08:47]} Bf5 13. Qf3 {[%clk 0:08:46]} Nxe4
{[%clk 0:08:45]} 14. Nxe4 Bxe4 {[%clk 0:08:20]} 15. Qxe4 {[%clk 0:08:49]} Rad8
{[%clk 0:08:12]} 16. Rfd1 {[%clk 0:08:09]} f5 {[%clk 0:07:55]} 17. Qc2
{[%clk 0:08:01]} e4 {[%clk 0:07:07]} 18. g4 Nb4 {[%clk 0:07:04]} 19. Qb1
{[%clk 0:05:19]} Nd3 {[%clk 0:06:43]} 20. Bf1 {[%clk 0:03:54]} Ne5
{[%clk 0:05:23]} 21. Be2 Nf3+ {[%clk 0:05:24]} 22. Bxf3 {[%clk 0:03:31]} exf3
{[%clk 0:04:59]} 23. Rxd8 Qxd8 {[%clk 0:04:17]} 24. Qd1 {[%clk 0:02:49]} fxg4
{[%clk 0:04:01]} 25. Qf1 {[%clk 0:01:09]} Rf7 26. c5 Qd5 {[%clk 0:03:41]} 27. Rd1
{[%clk 0:00:57]} Qxc5 {[%clk 0:03:34]} 28. Rd8+ Rf8 {[%clk 0:03:16]} 29. Rd4
{[%clk 0:00:59]} h5 {[%clk 0:03:09]} 30. h3 Qg5 {[%clk 0:02:56]} 31. hxg4
{[%clk 0:00:55]} hxg4 {[%clk 0:02:56]} 32. Qc4+ {[%clk 0:01:01]} Kh8
{[%clk 0:01:48]} 33. Rxg4 1-0

[Event "VENDRELL"]
[Site "?"]
[Date "2021.05.09"]
[Round "7.5"]
[White "Calle Ordonez, Albert"]
[Black "Tripulskiy, Mark"]
[Result "1-0"]
[BlackElo "1564"]
[WhiteElo "1900"]
[LiveChessVersion "1.4.8"]

1. e4 c5 2. Nf3 g6 3. c3 Bg7 4. d4 cxd4 5. cxd4 d5 6. e5 Nc6 7. Bb5 Nh6 8. O-O
O-O 9. Bxc6 bxc6 10. h3 Bf5 11. Nc3 Qd7 12. Be3 f6 13. Qd2 Nf7 14. exf6 Bxf6 15.
Na4 Nd6 16. Nc5 Qc8 17. b3 Ne4 18. Qa5 Nxc5 19. Qxc5 Qd7 20. Rac1 Rac8 21. Bh6
Rf7 22. Rc3 Be4 23. Ng5 Bxg5 24. Bxg5 Rc7 25. f3 Qf5 26. Bh4 Qh5 27. Bg3 Rc8 28.
Re3 Qg5 29. Rxe4 Qxg3 30. Rxe7 Rcf8 31. Rxa7 Rxf3 32. Re7 R3f7 1-0

[Event "VENDRELL"]
[Site "?"]
[Date "2021.05.09"]
[Round "8.1"]
[White "Munoz, Miguel"]
[Black "Palomo Teruel, Xavier"]
[Result "1-0"]
[BlackElo "2070"]
[WhiteElo "2542"]
[LiveChessVersion "1.4.8"]

1. e4 c6 {[%clk 0:15:03]} 2. Nc3 {[%clk 0:15:11]} g6 {[%clk 0:15:05]} 3. g3
{[%clk 0:15:17]} d5 {[%clk 0:14:54]} 4. Bg2 {[%clk 0:15:20]} dxe4
{[%clk 0:13:31]} 5. Nxe4 Bg7 6. d3 {[%clk 0:15:10]} Nf6 {[%clk 0:13:17]} 7. Qe2
Nxe4 {[%clk 0:13:05]} 8. dxe4 {[%clk 0:15:15]} Qb6 9. c3 {[%clk 0:15:14]} Be6
{[%clk 0:12:09]} 10. Nf3 h6 {[%clk 0:11:20]} 11. Be3 {[%clk 0:15:12]} Qa6 12.
Qxa6 {[%clk 0:14:55]} Nxa6 {[%clk 0:11:22]} 13. Nd4 {[%clk 0:14:42]} Bd7 14. f4
e5 {[%clk 0:10:51]} 15. Nf3 {[%clk 0:14:41]} exf4 {[%clk 0:10:37]} 16. gxf4
{[%clk 0:14:26]} O-O {[%clk 0:10:08]} 17. O-O-O {[%clk 0:14:12]} Be6
{[%clk 0:09:25]} 18. Kb1 {[%clk 0:14:13]} Bg4 19. h3 {[%clk 0:14:15]} Bh5
{[%clk 0:08:38]} 20. Rd7 {[%clk 0:14:12]} b6 21. e5 {[%clk 0:13:57]} Nc5
{[%clk 0:04:23]} 22. Rd6 Rac8 {[%clk 0:03:46]} 23. Nd4 {[%clk 0:13:57]} g5
{[%clk 0:03:25]} 24. Nxc6 Rfe8 {[%clk 0:02:50]} 25. Nxa7 {[%clk 0:12:25]} Bg6+
26. Rxg6 {[%clk 0:12:29]} fxg6 {[%clk 0:02:47]} 27. Nxc8 Rxc8 {[%clk 0:02:22]}
28. fxg5 {[%clk 0:12:32]} hxg5 {[%clk 0:02:18]} 29. Bxg5 {[%clk 0:12:36]} Bxe5
{[%clk 0:02:16]} 30. h4 {[%clk 0:12:25]} Rf8 31. Re1 {[%clk 0:12:27]} Nd3
{[%clk 0:01:54]} 32. Re3 {[%clk 0:12:20]} Nf4 {[%clk 0:01:24]} 33. Rxe5 Nxg2 34.
Re6 {[%clk 0:12:23]} Rf1+ {[%clk 0:01:17]} 35. Kc2 {[%clk 0:12:29]} Ne1+
{[%clk 0:00:55]} 1-0

[Event "VENDRELL"]
[Site "?"]
[Date "2021.05.09"]
[Round "8.2"]
[White "Rojas Keim, Luis"]
[Black "Calle Ordonez, Albert"]
[Result "1/2-1/2"]
[BlackElo "1900"]
[WhiteElo "2349"]
[LiveChessVersion "1.4.8"]

1. e4 {[%clk 0:15:09]} c6 {[%clk 0:15:07]} 2. d4 {[%clk 0:15:13]} d5
{[%clk 0:15:09]} 3. Nd2 {[%clk 0:15:15]} dxe4 {[%clk 0:15:10]} 4. Nxe4
{[%clk 0:15:19]} Nf6 {[%clk 0:15:09]} 5. Nxf6+ {[%clk 0:15:22]} exf6
{[%clk 0:15:12]} 6. c3 {[%clk 0:15:26]} Bd6 7. Bd3 {[%clk 0:15:30]} O-O
{[%clk 0:15:04]} 8. Qc2 {[%clk 0:15:33]} Re8+ {[%clk 0:14:55]} 9. Ne2
{[%clk 0:15:21]} h5 {[%clk 0:14:08]} 10. Be3 {[%clk 0:14:48]} b5 {[%clk 0:14:01]}
11. O-O {[%clk 0:14:04]} h4 {[%clk 0:12:48]} 12. h3 {[%clk 0:13:25]} Nd7
{[%clk 0:11:56]} 13. Bh7+ {[%clk 0:13:26]} Kh8 {[%clk 0:10:16]} 14. Be4
{[%clk 0:13:14]} Bb7 {[%clk 0:09:22]} 15. a4 {[%clk 0:12:57]} a6 {[%clk 0:07:10]}
16. Bf3 g6 17. axb5 {[%clk 0:12:36]} axb5 {[%clk 0:07:13]} 18. Rxa8
{[%clk 0:12:33]} Bxa8 {[%clk 0:06:32]} 19. Ra1 {[%clk 0:11:14]} Nb6
{[%clk 0:06:18]} 20. b3 Nd5 {[%clk 0:06:21]} 21. Bxd5 {[%clk 0:11:00]} cxd5 22.
Ra7 {[%clk 0:10:21]} Re7 {[%clk 0:06:09]} 23. Qa2 {[%clk 0:07:57]} Bc6
{[%clk 0:03:41]} 24. Nf4 {[%clk 0:07:27]} Kg7 {[%clk 0:03:32]} 25. Qa6
{[%clk 0:07:30]} Rxa7 {[%clk 0:03:29]} 26. Qxa7 Qb8 27. Qxb8 {[%clk 0:06:24]}
Bxb8 {[%clk 0:03:32]} 28. Nd3 {[%clk 0:05:56]} Bd6 29. b4 g5 {[%clk 0:02:59]} 30.
f4 {[%clk 0:05:59]} Kg6 {[%clk 0:03:02]} 31. Kf2 {[%clk 0:05:57]} Kf5
{[%clk 0:02:30]} 32. Kf3 {[%clk 0:05:19]} Bc7 {[%clk 0:02:17]} 33. Bf2 Bd7 34.
g4+ {[%clk 0:05:09]} hxg3 {[%clk 0:02:20]} 35. Bxg3 {[%clk 0:04:56]} Bd8
{[%clk 0:01:33]} 36. Nf2 {[%clk 0:04:48]} Kg6 37. h4 {[%clk 0:04:52]} gxh4
{[%clk 0:01:33]} 38. Bxh4 {[%clk 0:04:03]} Bf5 {[%clk 0:01:32]} 39. Bg3
{[%clk 0:03:48]} Kh5 {[%clk 0:01:30]} 40. Ke3 {[%clk 0:03:46]} Bc7
{[%clk 0:01:26]} 41. Kf3 Bc2 42. Nd3 Bb3 43. Nf2 1/2-1/2

[Event "VENDRELL"]
[Site "?"]
[Date "2021.05.09"]
[Round "8.3"]
[White "Basora Pascual, Lluc"]
[Black "Saumoy Poch, Salvador"]
[Result "1/2-1/2"]
[BlackElo "2022"]
[WhiteElo "2162"]
[LiveChessVersion "1.4.8"]

1. e4 {[%clk 0:15:08]} e6 {[%clk 0:15:09]} 2. b3 {[%clk 0:15:05]} Nf6
{[%clk 0:15:06]} 3. Nc3 {[%clk 0:15:00]} d5 {[%clk 0:15:06]} 4. Qe2
{[%clk 0:14:02]} d4 {[%clk 0:14:45]} 5. Nd1 {[%clk 0:13:56]} Be7 {[%clk 0:13:14]}
6. g3 {[%clk 0:13:52]} O-O {[%clk 0:13:15]} 7. Bg2 {[%clk 0:13:56]} e5
{[%clk 0:13:10]} 8. Nf3 {[%clk 0:13:39]} Nc6 {[%clk 0:12:53]} 9. d3
{[%clk 0:13:39]} Bb4+ {[%clk 0:12:43]} 10. Bd2 {[%clk 0:13:09]} Bg4 11. O-O
{[%clk 0:12:18]} Bxd2 {[%clk 0:12:15]} 12. Qxd2 {[%clk 0:12:20]} Bxf3
{[%clk 0:12:18]} 13. Bxf3 {[%clk 0:12:24]} Qe7 14. Nb2 {[%clk 0:09:40]} h6
{[%clk 0:11:06]} 15. a4 {[%clk 0:08:51]} a6 {[%clk 0:10:49]} 16. a5
{[%clk 0:08:08]} Qc5 17. Nc4 b5 18. axb6 cxb6 1/2-1/2

[Event "VENDRELL"]
[Site "?"]
[Date "2021.05.09"]
[Round "8.4"]
[White "Hernandez, Cristian Andres"]
[Black "Tallada Serret, Gerard"]
[Result "0-1"]
[BlackElo "1643"]
[WhiteElo "2353"]
[LiveChessVersion "1.4.8"]

1. d4 {[%clk 0:15:07]} d5 {[%clk 0:15:09]} 2. Nf3 {[%clk 0:15:10]} Nf6
{[%clk 0:15:12]} 3. c4 {[%clk 0:15:13]} c6 {[%clk 0:15:16]} 4. Nc3
{[%clk 0:15:16]} dxc4 {[%clk 0:15:19]} 5. a4 {[%clk 0:15:20]} e6 {[%clk 0:15:19]}
6. Ne5 {[%clk 0:15:24]} a5 {[%clk 0:15:18]} 7. Nxc4 {[%clk 0:15:21]} Be7
{[%clk 0:15:21]} 8. e4 {[%clk 0:15:21]} Nbd7 {[%clk 0:15:12]} 9. e5
{[%clk 0:15:08]} Nd5 {[%clk 0:15:15]} 10. Ne4 {[%clk 0:15:10]} O-O
{[%clk 0:15:17]} 11. Bd3 {[%clk 0:15:10]} b5 {[%clk 0:15:19]} 12. Ncd6
{[%clk 0:15:08]} Ba6 13. Qh5 {[%clk 0:13:22]} g6 {[%clk 0:14:20]} 14. Qh6
{[%clk 0:13:05]} f5 15. Ng5 {[%clk 0:13:06]} Bxg5 {[%clk 0:13:35]} 16. Bxg5 Qb6
17. Be3 {[%clk 0:10:01]} bxa4 {[%clk 0:13:21]} 18. Bxa6 {[%clk 0:09:51]} Qxa6
{[%clk 0:13:25]} 19. h4 {[%clk 0:09:05]} Nb4 {[%clk 0:13:04]} 20. Rd1 Nd3+
{[%clk 0:13:06]} 21. Rxd3 {[%clk 0:05:28]} Qxd3 22. Rh3 {[%clk 0:03:44]} Qb1+
{[%clk 0:12:53]} 23. Bc1 {[%clk 0:03:47]} f4 {[%clk 0:12:55]} 24. Rc3 Nb6
{[%clk 0:12:07]} 25. h5 {[%clk 0:03:46]} Nc8 26. f3 {[%clk 0:03:03]} Ne7
{[%clk 0:10:37]} 27. Ne4 Rf7 {[%clk 0:09:19]} 28. hxg6 {[%clk 0:03:06]} Nxg6
{[%clk 0:09:07]} 29. Ng5 {[%clk 0:02:50]} Re7 {[%clk 0:08:41]} 30. Kf2
{[%clk 0:02:52]} Rc8 {[%clk 0:08:24]} 31. Ne4 {[%clk 0:02:40]} Rec7
{[%clk 0:06:42]} 32. Kg1 {[%clk 0:02:27]} Rd8 33. Nd6 a3 {[%clk 0:06:06]} 34.
bxa3 {[%clk 0:02:30]} Qb6 {[%clk 0:06:05]} 35. Rc5 {[%clk 0:02:27]} Qb1
{[%clk 0:05:43]} 36. Kh2 {[%clk 0:02:22]} Qa1 {[%clk 0:05:31]} 37. Rc4
{[%clk 0:01:56]} Rg7 {[%clk 0:04:47]} 38. Ne4 Qa2 39. Nf6+ {[%clk 0:00:56]} Kh8
{[%clk 0:04:47]} 40. Nh5 {[%clk 0:01:00]} Rf7 {[%clk 0:04:26]} 41. Rxc6
{[%clk 0:01:02]} Nh4 {[%clk 0:03:52]} 42. Qg5 {[%clk 0:00:50]} Nxf3+
{[%clk 0:03:56]} 0-1

[Event "VENDRELL"]
[Site "?"]
[Date "2021.05.09"]
[Round "8.5"]
[White "Subira Zurita, Marc"]
[Black "Vinuesa Sorli, Ruben"]
[Result "1/2-1/2"]
[BlackElo "1820"]
[WhiteElo "1924"]
[LiveChessVersion "1.4.8"]

1. c4 g6 2. Nc3 Bh6 3. g3 Bg7 4. Bh3 d6 5. Bg2 e5 6. d3 f5 7. e3 Nf6 8. Nge2 O-O
9. O-O c6 10. b4 Be6 11. Rb1 d5 12. b5 dxc4 13. bxc6 bxc6 14. dxc4 Qxd1 15. Rxd1
Bxc4 16. Rb7 Rf7 17. Rd8+ Rf8 18. Rd6 e4 19. Ba3 Rc8 20. f3 exf3 21. Bxf3 Ne4 22.
Bxe4 fxe4 23. Nf4 Na6 24. Rdd7 Bxc3 25. Rxh7 Rab8 26. Rxa7 Rd8 27. Kg2 Rd2+ 28.
Kh3 g5 29. Ng6 Be6+ 30. g4 c5 31. Rhe7 Rd3 32. Rxe6 Rxe3+ 33. Kg2 Bd4 34. Rexa6
Re2+ 35. Kg3 Re3+ 36. Kg2 Re2+ 37. Kf1 Rf2+ 1/2-1/2

[Event "VENDRELL"]
[Site "?"]
[Date "2021.05.09"]
[Round "9.1"]
[White "Saumoy Poch, Salvador"]
[Black "Munoz, Miguel"]
[Result "0-1"]
[BlackElo "2542"]
[WhiteElo "2022"]
[LiveChessVersion "1.4.8"]

1. d4 c5 {[%clk 0:15:08]} 2. Nf3 {[%clk 0:15:08]} Nf6 3. c4 g6 {[%clk 0:15:13]}
4. g3 {[%clk 0:14:49]} Bg7 {[%clk 0:15:18]} 5. Bg2 {[%clk 0:14:49]} O-O
{[%clk 0:15:22]} 6. O-O {[%clk 0:14:51]} Nc6 {[%clk 0:15:25]} 7. d5
{[%clk 0:14:50]} Na5 {[%clk 0:15:23]} 8. Nbd2 {[%clk 0:14:11]} d6
{[%clk 0:15:21]} 9. e4 e5 {[%clk 0:15:21]} 10. Qe2 {[%clk 0:12:26]} Ne8 11. Nb3
{[%clk 0:11:58]} f5 {[%clk 0:15:18]} 12. Bg5 {[%clk 0:11:20]} Qc7 13. Bd2
{[%clk 0:11:24]} Nxb3 {[%clk 0:14:57]} 14. axb3 f4 15. Ba5 {[%clk 0:11:15]} b6
{[%clk 0:14:37]} 16. Bc3 Qe7 17. b4 {[%clk 0:10:47]} cxb4 {[%clk 0:14:12]} 18.
Bxb4 g5 19. h3 {[%clk 0:09:23]} g4 {[%clk 0:14:14]} 20. hxg4 {[%clk 0:09:21]}
Bxg4 21. Qd3 {[%clk 0:09:13]} Rf7 {[%clk 0:13:17]} 22. Nh4 Qg5 {[%clk 0:13:19]}
23. Nf5 {[%clk 0:08:43]} Bf8 {[%clk 0:13:15]} 24. gxf4 {[%clk 0:07:52]} exf4
{[%clk 0:13:15]} 25. Nd4 f3 26. Bh1 {[%clk 0:07:25]} Bd7+ {[%clk 0:12:55]} 27.
Kh2 Qh4+ 0-1

[Event "VENDRELL"]
[Site "?"]
[Date "2021.05.09"]
[Round "9.2"]
[White "Porta Isant, Lluis"]
[Black "Rojas Keim, Luis"]
[Result "1/2-1/2"]
[BlackElo "2349"]
[WhiteElo "1637"]
[LiveChessVersion "1.4.8"]

1. e4 {[%clk 0:15:08]} e6 2. c4 {[%clk 0:15:07]} d5 {[%clk 0:15:09]} 3. cxd5
{[%clk 0:15:10]} exd5 {[%clk 0:15:12]} 4. exd5 {[%clk 0:15:14]} Nf6
{[%clk 0:15:15]} 5. Nf3 {[%clk 0:15:10]} Nxd5 {[%clk 0:15:06]} 6. Nc3
{[%clk 0:14:57]} Be7 7. Be2 Nxc3 {[%clk 0:14:52]} 8. bxc3 {[%clk 0:14:59]} O-O
{[%clk 0:14:53]} 9. O-O {[%clk 0:14:16]} c5 {[%clk 0:14:34]} 10. d4 cxd4 1/2-1/2

[Event "VENDRELL"]
[Site "?"]
[Date "2021.05.09"]
[Round "9.3"]
[White "Calle Ordonez, Albert"]
[Black "Tallada Serret, Gerard"]
[Result "1/2-1/2"]
[BlackElo "1643"]
[WhiteElo "1900"]
[LiveChessVersion "1.4.8"]

1. Nf3 {[%clk 0:15:07]} d5 {[%clk 0:15:10]} 2. g3 {[%clk 0:15:08]} c6
{[%clk 0:15:13]} 3. Bg2 {[%clk 0:15:11]} Nf6 {[%clk 0:15:16]} 4. O-O
{[%clk 0:15:13]} e6 {[%clk 0:15:18]} 5. b3 {[%clk 0:15:15]} g6 {[%clk 0:15:18]}
6. Bb2 {[%clk 0:15:18]} Bg7 {[%clk 0:15:22]} 7. d3 {[%clk 0:15:18]} O-O
{[%clk 0:15:23]} 8. Nbd2 {[%clk 0:15:17]} Nbd7 {[%clk 0:15:19]} 9. e4
{[%clk 0:15:14]} b6 {[%clk 0:15:23]} 10. Re1 {[%clk 0:15:12]} Bb7
{[%clk 0:15:27]} 11. c4 {[%clk 0:12:35]} Rc8 {[%clk 0:14:27]} 12. Bf1 1/2-1/2

[Event "VENDRELL"]
[Site "?"]
[Date "2021.05.09"]
[Round "9.5"]
[White "Palomo Teruel, Xavier"]
[Black "Subira Zurita, Marc"]
[Result "1/2-1/2"]
[BlackElo "1924"]
[WhiteElo "2070"]
[LiveChessVersion "1.4.8"]

1. e4 c5 2. Nf3 d6 3. d4 cxd4 4. Nxd4 Nf6 5. Nc3 a6 6. f3 e5 7. Nb3 Be6 8. Be3
Nbd7 9. Qd2 h5 10. Be2 Be7 11. O-O Qc7 12. Rac1 b5 13. a4 b4 14. Na2 a5 15. Bb5
O-O 16. c4 bxc3 17. Rxc3 Qd8 18. Rd3 Nb6 19. Rc1 Rc8 20. Qxa5 Nc4 21. Qxd8 Rfxd8
22. Bxc4 Rxc4 23. Rxc4 Bxc4 24. Rc3 d5 25. exd5 Bxd5 26. Nac1 Bb4 27. Rd3 Ra8 28.
Nc5 1/2-1/2